Sports Quiz

Random Sports or Clickable Quiz
Score 0/18 Timer 02:00
0 Plays Today
% Correct
Alastair CLARKSON
92.4%
Mick MALTHOUSE
91.9%
Luke BEVERIDGE
91.5%
Leigh MATTHEWS
91%
Paul ROOS
91%
Mark THOMPSON
90.5%
John LONGMIRE
90%
Kevin SHEEDY
89.6%
Malcolm BLIGHT
89.6%
% Correct
Chris SCOTT
89.6%
John WORSFOLD
84.4%
Mark WILLIAMS
83.9%
Denis PAGAN
82%
David PARKIN
74.9%
Allan JEANS
73.9%
Alan JOYCE
66.8%
Robert WALLS
63%
Tony JEWELL
54%
Remove Ads.
Support Sporcle.
Get the best of Sporcle when you Go Orange. This ad-free experience offers more features, more stats, and more fun while also helping to support Sporcle. Thank you for becoming a member.

You're not logged in!

Compare scores with friends on all Sporcle quizzes.
OR
Log In

Sporcle TV

Today on Sporcle TV


Watch our educational content, quiz creation guides, and fun videos on Sporcle TV.

Show Comments

Extras

Top Quizzes Today


Score Distribution

Paid Content

Your Account Isn't Verified!

In order to create a playlist on Sporcle, you need to verify the email address you used during registration. Go to your Sporcle Settings to finish the process.

Report this User

Report this user for behavior that violates our Community Guidelines.

Details: